Adivinhe os times, Candango 2025 - Statistics

Estatísticas Gerais
  • Esse quiz foi jogado 21 vezes
  • A pontuação média é 8 de 10
Estatísticas das Respostas
Imagem Resposta % Correto
Brasiliense
100%
Capital
94%
Ceilândia
94%
Gama
94%
Real Brasília
94%
Sobradinho
88%
Samambaia
71%
Paranoá
65%
Legião
53%
Ceilandense
47%
Nenhum quiz correspondente encontrado
Distribuição das Pontuações
Porcentagem de Pessoas com Cada Pontuação
Percentil de Números Respondidos
Sua Pontuação Histórica
Você não jogou esse quiz